Normal view MARC view
  • Gezuraga Amundarain, Monike

Entry Nombre Personal

Number of records used in: 2

001 - NUMERO DE CONTROL

  • campo de control: 52359

003 - IDENTIFICADOR DE NUMERO DE CONTROL

  • campo de control: UPN

005 - FECHA Y HORA DE LA ÜLTIMA TRANSACCIÓN

  • campo de control: 20240612140701.0

008 - DATOS DE LONGITUD FIJA

  • campo de control de longitud fija: 240612|| ac|||aabn | a|a d

024 ## - OTROS IDENTIFICADORES NORMALIZADOS

  • Fuente: orcid
  • Número normalizado o código: https://orcid.org/0000-0003-0756-1858

040 ## - FUENTE DE CATALOGACIÓN

  • Agencia original de catalogación: MX-MxUPN

100 1# - ENCABEZAMIENTO - NOMBRE PERSONAL

  • Nombre personal: Gezuraga Amundarain, Monike

370 ## - LUGAR ASOCIADO

  • Place of birth: España

371 ## - DIRECCIÓN

  • Electronic mail address: monike.gezuraga@ehu.eus

372 ## - CAMPO DE ACTIVIDAD

  • Field of activity: Pedagogía
  • Field of activity: Docencia

373 ## - GRUPO ASOCIADO

  • Associated group: Universidad del País Vasco.Facultad de Educación de Bilbao.

374 ## - OCUPACIÓN

  • Occupation: Pedagoga
  • Occupation: Profesora universitaria

400 ## - VEÁSE - NOMBRE DE PERSONA

  • Personal name: Gezuraga, M.

670 ## - FUENTE EN LA QUE SE LOCALIZARON DATOS

  • Cita de la fuente: En recurso en línea: Contextos educativos : revista de educación. No. 33 (2024):
  • Información localizada: página 239 (Monike Gezuraga Amundarain)
  • Uniform Resource Identifier: https://publicaciones.unirioja.es/ojs/index.php/contextos/article/view/5141/4236

902 ## - CATALOGADOR

  • Catalogador: RGJD/120624